书目信息 |
| 题名: |
呼啸山庄
|
|
| 作者: | 勃朗特 著 | |
| 分册: | ||
| 出版信息: | 北京 外语教学与研究出版社 1997.05 |
|
| 页数: | 202页 | |
| 开本: | 20cm | |
| 丛书名: | ||
| 单 册: | ||
| 中图分类: | H319.4 | |
| 科图分类: | ||
| 主题词: | 英语 | |
| 电子资源: | ||
| ISBN: | 7-5600-1220-5 | |
| 000 | 00539nam0 2200193 45 | |
| 001 | 008846749 | |
| 005 | 20041018103714.45 | |
| 010 | @a7-5600-1220-5@dCNY 6.80 | |
| 100 | @a20000103d1997 km y0chiy0120 ea | |
| 101 | 0 | @achi |
| 102 | @aCN@b110000 | |
| 200 | 1 | @a呼啸山庄@AHu Xiao Shan Zhuang@f(英)勃朗特著@F(Ying)Bo Lang Te Zhu |
| 210 | @a北京@c外语教学与研究出版社@d1997.05 | |
| 215 | @a202页@d20cm | |
| 606 | 0 | @a英语 |
| 690 | @aH319.4@v4 | |
| 701 | 0 | @a勃朗特@ABo Lang Te@4著 |
| 801 | 0 | @aCN@bPFT@c20041018 |
| 905 | @a安徽大学@dH319.4@eB936 | |
| 呼啸山庄/(英)勃朗特著.-北京:外语教学与研究出版社,1997.05 |
| 202页;20cm |
| ISBN 7-5600-1220-5:CNY 6.80 |
| ● |
| 相关链接 |
|
|
|
正题名:呼啸山庄
索取号:H319.4/B936
 
预约/预借
| 序号 | 登录号 | 条形码 | 馆藏地/架位号 | 状态 | 备注 |
| 1 | 377717 | 203777172 | 自科二线504/209语言库 38排3列4层/ [索取号:H319.4/B936] | 在馆 | |
| 2 | 377718 | 203777181 | 自科二线504/504自科库 45排1列4层/ [索取号:H319.4/B936] | 在馆 | |
| 3 | 377719 | 203777190 | 社科二线400B/400B社科库 8排1列3层/ [索取号:H319.4/B936] | 在馆 | |
| 4 | 377720 | 203777207 | 社科二线400B/400B社科库 9排4列1层/ [索取号:H319.4/B936] | 在馆 | |
| 5 | 377721 | 203777216 | 自科二线504/504自科库 45排1列4层/ [索取号:H319.4/B936] | 在馆 | |
| 6 | 420524 | 204205243 | 外国语学院资料室/ [索取号:H319.4/B936] | 在馆 |